000 00957nam a22002897a 4500
003 CHAP
005 20220329135357.0
008 971013s r 00010 d
010 _a35333
011 _a36305
035 _a40424
040 _cCHAP
082 _a630.58
_bM49
110 _aMéxico. Secretaría de Agricultura y Ganadería. Oficina de Estudios Especiales
_977117
245 _aDirectory of professional personnel
260 _aNew York :
_bRockfeller Foundation,
_c(s.a.)
300 _a81 p
590 _aBATCH-UPD
_b10
_c20130110
_lUCH01
_h2328
590 _aBATCH-UPD
_b10
_c20130410
_lUCH01
_h1618
590 _aBATCH-UPD
_b10
_c20130913
_lUCH01
_h2216
590 _aCONVERSION
_b10
_c20130109
_lUCH01
_h1320
650 1 4 _aAgrónomos
_xDirectorios.
_92203
901 _aBK
942 _cLIBRO
949 _a630.58 M49
_bBC
_cC
_d33724000566428
_eC
_h42477
_i40424
_mD
_si
949 _a630.58 M49
_bBC
_cC
_d33724000566725
_eC
_fc.2
_h43699
_i40424
_mD
_si
999 _c35333
_d35333